A comparison of two swimming methods for non-buoyant beginners performing the front crawl /

Bibliographic Details
Main Author: Mills, Brenda
Format: Thesis Microform Book
Language:English
Published: [Place of publication not identified] : [publisher not identified] ; 1979.
Subjects:

MARC

Tag First Indicator Second Indicator Subfields
LEADER 00000cam a2200000 a 4500
001 in00000092051
005 20151008064133.0
007 he bm----b---
008 810413r19811979orua bb 00010 eng d
035 |a (OCoLC)07332906 
035 |9 AAK3607AM 
040 |a Univ. of Oregon  |c XBM  |d XBM  |d TXA  |d UtOrBLW 
049 |a TXAI 
082 0 |a 797.21 
090 |a GV837.2 
099 |a fiche  |a C  |a 4111 
100 1 |a Mills, Brenda. 
245 1 2 |a A comparison of two swimming methods for non-buoyant beginners performing the front crawl /  |c by Brenda Mills. 
264 1 |a [Place of publication not identified] :  |b [publisher not identified] ;  |c 1979. 
300 |a viii, 87 leaves :  |b illustrations 
336 |a text  |b txt  |2 rdacontent 
337 |a microform  |b h  |2 rdamedia 
338 |a microfiche  |b he  |2 rdacarrier 
502 |b M.S.  |c Springfield College  |d 1979. 
504 |a Bibliography: leaves 68-73. 
533 |a Microfiche.  |b Eugene, Or. :  |c Microform Publications, College of Health, Physical Education and Recreation, University of Oregon,  |d 1981.  |e 2 microfiches : negative, ill. ; 11 x 15 cm. 
500 |a Microform. 
650 0 |a Swimming  |x Study and teaching. 
999 |a MARS 
999 f f |s 7ff9af59-c11e-3b69-b90a-baf515edf1f7  |i f15c72f7-dbf4-3573-9ee5-0104ca8d3e90  |t 0 
952 f f |p normal  |a Texas A&M University  |b College Station  |c Sterling C. Evans Library  |d Evans: Microforms (3rd floor)  |t 0  |e fiche C 4111  |h Other scheme  |i microform -- microfiche  |m A14821766090 
998 f f |a fiche C 4111  |t 0  |l Evans: Microforms (3rd floor)